[Event "Biel Chess Festival 2024 - Master tournament"]
[Site "Biel/Bienne"]
[Date "2024.07.22"]
[Round "7"]
[Board "24"]
[White "Kalogridis, Antonios"]
[Black "Winkelman, Albert"]
[Result "1-0"]
[WhiteElo "2391"]
[BlackElo "2243"]
[PlyCount "0"]
[EventDate "2024.07.15"]
[EventRounds "10"]
[EventCountry "SUI"]

1. d4 d5 2. c4 e6 3. Nc3 Nf6 4. cxd5 exd5 5. Bg5 c6 6. e3 Be7 7. Bd3 O-O 8. h3 Re8
9. Bf4 Bd6 10. Nge2 a5 11. O-O Nh5 12. Bxd6 Qxd6 13. g4 Nf6 14. Kg2 h5 15. g5 Ne4
16. Bxe4 dxe4 17. Ng3 h4 18. Ngxe4 Qg6 19. Qf3 f5 20. Nc5 Qxg5+ 21. Kh1 Nd7 22. Rg1
Qf6 23. Nd3 Nf8 24. Nf4 Re7 25. Rg2 b5 26. Ncd5 cxd5 27. Nxd5 Qd6 28. Nxe7+ Qxe7
29. Qxa8 Bb7 30. Qb8 Kh7 31. Rg1 g5 32. Qe5 Qf7 33. Rc1 Nd7 34. Qd6  1-0

[Event "Biel Chess Festival 2024 - Master tournament"]
[Site "Biel/Bienne"]
[Date "2024.07.22"]
[Round "7"]
[Board "42"]
[White "Papaux, Steve"]
[Black "Pisan, Kai"]
[Result "1/2-1/2"]
[WhiteElo "2228"]
[BlackElo "2016"]
[PlyCount "0"]
[EventDate "2024.07.15"]
[EventRounds "10"]
[EventCountry "SUI"]

1. e4 c6 2. Nc3 d5 3. d4 dxe4 4. Nxe4 Nf6 5. Nxf6+ exf6 6. Be3 Bd6 7. Bd3 Na6 8.
a3 O-O 9. Ne2 Qc7 10. c4 Re8 11. Qc2 g6 12. c5 Bf8 13. d5 Qa5+ 14. b4 Nxb4 15. axb4
Qxa1+ 16. Bc1 Bh6 17. O-O Bxc1 18. Rxc1 Qa3 19. Rb1 cxd5 20. Nc3 a6 21. h3 Re5 22.
Kh2 Bf5 23. Bxf5 Rxf5 24. Rb3 Qa1 25. Rb1 Qa3 26. Rb3 Qa1 27. Rb1 Qa3 28. Rb3  1/2-1/2

[Event "Biel Chess Festival 2024 - Master tournament"]
[Site "Biel/Bienne"]
[Date "2024.07.22"]
[Round "7"]
[Board "52"]
[White "Woltery, Nicolai"]
[Black "Tarini, Goyal"]
[Result "1/2-1/2"]
[WhiteElo "2016"]
[BlackElo "2079"]
[PlyCount "0"]
[EventDate "2024.07.15"]
[EventRounds "10"]
[EventCountry "SUI"]

1. d4 d5 2. c4 e6 3. Nc3 Nf6 4. cxd5 exd5 5. Bg5 c6 6. e3 Be7 7. Bd3 Nbd7 8. h3 O-O
9. Qc2 Re8 10. Bf4 Nf8 11. Nf3 a6 12. O-O-O b5 13. Kb1 Be6 14. g4 Rc8 15. Rc1 N6d7
16. Rhd1 Nb6 17. Ne2 Nc4 18. Bxc4 bxc4 19. Nc3 Qb6 20. Rg1 a5 21. h4 a4 22. Nxa4
Qa5 23. Nc5 Ra8 24. a3 Bxc5 25. dxc5 Qxc5 26. Qc3 Qb6 27. h5 Qa5 28. h6 Qxc3 29.
Rxc3 gxh6 30. Bxh6 c5 31. Bxf8 Rxf8 32. Rg3 f6  1/2-1/2

[Event "Biel Chess Festival 2024 - Master tournament"]
[Site "Biel/Bienne"]
[Date "2024.07.22"]
[Round "7"]
[Board "57"]
[White "Asllani, Dorian"]
[Black "Stevens, Christian"]
[Result "1-0"]
[WhiteElo "2159"]
[BlackElo "1955"]
[PlyCount "0"]
[EventDate "2024.07.15"]
[EventRounds "10"]
[EventCountry "SUI"]

1. d4 Nf6 2. c4 g6 3. Nc3 Bg7 4. e4 d6 5. f4 O-O 6. Nf3 c5 7. d5 e6 8. Be2 exd5 9.
cxd5 Bg4 10. O-O Nbd7 11. Qc2 Re8 12. h3 Bxf3 13. Bxf3 c4 14. Be3 Qa5 15. Qf2 Rac8
16. Rfe1 Nc5 17. Bxc5 Qxc5 18. Qxc5 Rxc5 19. e5 dxe5 20. fxe5 Nd7 21. Ne4 Bxe5 22.
Nxc5 Nxc5 23. Kf1 Nd3 24. Re2 Rd8 25. Rb1 f6 26. a4 Rc8 27. d6 Bxd6 28. Bxb7 Rc5
29. Be4 Bf4 30. Rd1 Ne5 31. Rd5 Rc7 32. Rc2 Kg7 33. Rb5 Nf7 34. Rb7 Rxb7 35. Bxb7
Nd6 36. Ba6 Be5 37. Bxc4 Nf5 38. Kf2 Bg3+ 39. Kg1 a5 40. Bd3 Nd4 41. Rc5 Be1 42.
Rc4 Nb3 43. Bc2 Nd2 44. Rc7+ Kh6 45. b3 f5 46. Re7 Bg3 47. Re2 Bf4 48. g3  1-0

[Event "Biel Chess Festival 2024 - Master tournament"]
[Site "Biel/Bienne"]
[Date "2024.07.22"]
[Round "7"]
[Board "62"]
[White "Selinga, Jan"]
[Black "Tkhoruk, Roman"]
[Result "1-0"]
[WhiteElo "2023"]
[BlackElo "1965"]
[PlyCount "0"]
[EventDate "2024.07.15"]
[EventRounds "10"]
[EventCountry "SUI"]

1. d4 Nf6 2. c4 e6 3. Nc3 Bb4 4. Bd2 O-O 5. e3 c5 6. d5 exd5 7. cxd5 d6 8. Bd3 h6
9. Nge2 Nbd7 10. f4 Nb6 11. e4 Bg4 12. O-O Re8 13. Rf3 Bxf3 14. gxf3 Nfd7 15. a3
Bxc3 16. Bxc3 Qe7 17. Bc2 Qh4 18. Kg2 f5 19. Qd3 c4 20. Qd4 Nf6 21. Rg1 fxe4 22.
fxe4 Nbxd5 23. Bd2 Kh8 24. Kh1 Qh5 25. Rg2 Nb6 26. Bc3 Qf7 27. Ng3 Nbd7 28. Nf5 Rg8
29. Nxd6 Qe6 30. f5 Qe7 31. e5 Ne8 32. Rg6 Rf8 33. f6 Nexf6 34. exf6 Rxf6 35. Rxf6
Qxf6 36. Nf5 Qxd4 37. Bxd4 Re8 38. Bxg7+ Kg8 39. Bc3 Re6 40. Kg1 Nc5 41. Nd4 Re8
42. Nb5 Nd3 43. Nd4 Nc5 44. Kg2 Nd3 45. Bb1 a5 46. Ba2 b5 47. Kg3 Re3+ 48. Kg4 Re4+
49. Kf3 Re5 50. Nxb5 Rc5 51. Nd6 Nc1 52. Bxc4+ Kf8 53. Bd2 Ke7 54. Bxc1 Kxd6 55.
Bf4+ Ke7 56. Bd3 h5 57. Ke4 Ke6 58. Kd4 Rc8 59. Bd2 Rb8 60. Bc3 Kd6 61. Kc4 Kc6 62.
h4 Kb6 63. Be2 Rf8 64. Be5 Re8 65. Kd4 Re6 66. Ke4 Kc5 67. Kf5 Re8 68. Bxh5 Rf8+
69. Bf6 Kc4 70. Bf3 Kd3 71. h5 Ke3 72. Bd5 Kd3 73. h6 Kc2 74. b3 Kb1 75. h7 Ka2 76.
b4+ Kxa3 77. bxa5 Kb4 78. a6 Kc5 79. Bb7 Kb6 80. h8=Q Rxh8 81. Bxh8 Ka7 82. Bd4+
Kb8 83. Be4  1-0